| 000 | 00555nam a2200205Ia 4500 | ||
|---|---|---|---|
| 001 | 15128 | ||
| 003 | GE_BSU | ||
| 008 | 181216s||||||||xx |||||||||||||| ||und|| | ||
| 040 | _cGE_BSU | ||
| 080 | _a530.1 | ||
| 100 | _aВигнер,Е. | ||
| 245 | _aЭтюды о симметрии | ||
| 245 | _cПер. с англ.Ю.А.Данилова. Под. ред.Я.А.Смородинского | ||
| 260 | _aМосква | ||
| 260 | _bМир | ||
| 260 | _c1971 | ||
| 300 | _a318стр.22см. | ||
| 653 | _aЭтюды о симметрии | ||
| 942 | _cBK | ||
| 999 |
_c48244 _d48244 |
||